000 01110nas a2200313 4500
001 BR0706825
003 BR-BrBNA
005 20231205111311.0
007 ta
008 230509b bl.|||p| |||| 00| 00por d
040 _aBR-BrBNA
_bpor
_cBiblioteca Nacional de Agricultura
041 _a(Pt)
072 _aL51; L02; L50
100 1 _aPrada, F.
100 1 _aAndreasi, F.
100 1 _aVeiga, J.S.M.
100 1 _aMendonça Junior, C.X. de
100 1 _aGhion, E.
245 1 _aEfeito da temperatura do ar constante, vigente em câmara climática, em carneiros da raça Corriedale. 1 - sobre o emprego do óxido crômico para a avaliação da digestibilidade aparente da matéria seca
650 _aDIGESTIBILIDADE APARENTE
650 _aCOMPOSTO ORGÂNICO
650 _aMATERIA SECA
650 _aCARNEIRO
650 _aCORRIEDALE
650 _aRAÇÃO
773 0 _tRevista da Faculdade de Medicina Veterinária e Zootecnia da Universidade de São Paulo (Brazil)
_xISSN 0303-7525
_g(1973), v. 10 p. 147-162
_wBR0706825
909 _a202311
_bLúcia
_c55
_dLúcia Elande
942 _2AGRIS
_n0
_cANA
999 _c191916
_d191916